Jesucristo (Record no. 120833)

MARC details
000 -LEADER
campo de control de longitud fija 00542nam a2200181 4500
001 - NÚMERO DE CONTROL
campo de control 120833
003 - IDENTIFICADOR DE NÚMERO DE CONTROL
campo de control ES-MaACL
007 - CAMPO FIJO DE DESCRIPCIÓN FÍSICA--INFORMACIÓN GENERAL
campo de control de longitud fija t|
008 - DATOS DE LONGITUD FIJA--INFORMACIÓN GENERAL
campo de control de longitud fija 070214s1948 mx r ||||1| spa d
100 1# - ENTRADA PRINCIPAL--NOMBRE DE PERSONA
Nombre de persona Prat, Ferdinand.
9 (RLIN) 93661
245 10 - MENCIÓN DEL TÍTULO
Título Jesucristo
Resto del título : su vida, su doctrina, su obra... /
Mención de responsabilidad, etc. Ferdinand Prat ; traducción de Salvador Abascal.
250 ## - MENCION DE EDICION
Mención de edición 2ª ed. rev.
260 ## - PUBLICACIÓN, DISTRIBUCIÓN, ETC.
Lugar de publicación, distribución, etc. México :
Nombre del editor, distribuidor, etc. Jus,
Fecha de publicación, distribución, etc. 1948.
300 ## - DESCRIPCIÓN FÍSICA
Extensión 2 t. ;
Dimensiones 23 cm.
700 0# - ENTRADA AGREGADA--NOMBRE PERSONAL
Nombre de persona Abascal, Salvador,
9 (RLIN) 17977
852 ## - LOCALIZACIÓN
Ubicación ES-MaACL
Número de control de estantería B-2292-93
Sublocalización o colección R.28506
Holdings
Estatus retirado Estado de pérdida Estado de daño No para préstamo Biblioteca de origen Biblioteca actual Ubicación en estantería Fecha de adquisición Fuente de adquisición Total de préstamos Signatura topográfica completa Código de barras Visto por última vez Precio de reemplazo Tipo de ítem Koha
        Biblioteca del Ateneo de Madrid Biblioteca del Ateneo de Madrid Sala Pardo Bazán 17/01/2008     B-2292-93 1125941 23/02/2023 23/02/2023 Libro impreso